<?xml version="1.0" encoding="UTF-8"?>
<record
    xmlns:xsi="http://www.w3.org/2001/XMLSchema-instance"
    xsi:schemaLocation="http://www.loc.gov/MARC21/slim http://www.loc.gov/standards/marcxml/schema/MARC21slim.xsd"
    xmlns="http://www.loc.gov/MARC21/slim">

  <leader>01141nam a22002417a 4500</leader>
  <controlfield tag="003">OSt</controlfield>
  <controlfield tag="005">20180501134347.0</controlfield>
  <controlfield tag="008">170817s2018    ua     g b    000 0 ara d</controlfield>
  <datafield tag="040" ind1=" " ind2=" ">
    <subfield code="a">Ma-Un</subfield>
    <subfield code="b">ara</subfield>
    <subfield code="c">Dar Arab</subfield>
  </datafield>
  <datafield tag="082" ind1="0" ind2="4">
    <subfield code="2">21</subfield>
    <subfield code="a">004.2</subfield>
    <subfield code="b">&#x62E; &#x63A; &#x645;</subfield>
  </datafield>
  <datafield tag="100" ind1="1" ind2=" ">
    <subfield code="a">&#x627;&#x644;&#x62E;&#x64A;&#x627;&#x637;&#x60C; &#x63A;&#x627;&#x62F;&#x629; &#x639;&#x628;&#x62F; &#x627;&#x644;&#x648;&#x647;&#x627;&#x628;</subfield>
    <subfield code="9">63631</subfield>
  </datafield>
  <datafield tag="245" ind1="1" ind2="0">
    <subfield code="a">&#x645;&#x642;&#x62F;&#x645;&#x629; &#x641;&#x64A; &#x646;&#x638;&#x645; &#x62A;&#x643;&#x646;&#x648;&#x644;&#x648;&#x62C;&#x64A;&#x627; &#x627;&#x644;&#x645;&#x639;&#x644;&#x648;&#x645;&#x627;&#x62A; :</subfield>
    <subfield code="b">&#x623;&#x646;&#x648;&#x627;&#x639; &#x646;&#x638;&#x645; &#x627;&#x644;&#x645;&#x639;&#x644;&#x648;&#x645;&#x627;&#x62A; &#x641;&#x64A; &#x627;&#x644;&#x645;&#x646;&#x638;&#x645;&#x627;&#x62A;&#x60C; &#x627;&#x644;&#x62A;&#x639;&#x644;&#x645; &#x627;&#x644;&#x62A;&#x646;&#x638;&#x64A;&#x645;&#x64A; &#x648;&#x625;&#x62F;&#x627;&#x631;&#x629; &#x627;&#x644;&#x645;&#x639;&#x631;&#x641;&#x629; ... /</subfield>
    <subfield code="c">&#x63A;&#x627;&#x62F;&#x629; &#x639;&#x628;&#x62F; &#x627;&#x644;&#x648;&#x647;&#x627;&#x628; &#x627;&#x644;&#x62E;&#x64A;&#x627;&#x637;&#x60C; &#x635;&#x641;&#x627;&#x621; &#x623;&#x62D;&#x645;&#x62F; &#x62D;&#x633;&#x64A;&#x646;&#x60C; &#x64A;&#x627;&#x633;&#x631; &#x639;&#x628;&#x62F; &#x627;&#x644;&#x63A;&#x641;&#x627;&#x631; &#x62D;&#x646;&#x641;&#x64A;.</subfield>
  </datafield>
  <datafield tag="250" ind1=" " ind2=" ">
    <subfield code="a">&#x637;. 1.</subfield>
  </datafield>
  <datafield tag="260" ind1=" " ind2=" ">
    <subfield code="a">&#x627;&#x644;&#x623;&#x633;&#x643;&#x646;&#x62F;&#x631;&#x64A;&#x629;&#x60C; &#x645;&#x635;&#x631; :</subfield>
    <subfield code="b">&#x62F;&#x627;&#x631; &#x627;&#x644;&#x62A;&#x639;&#x644;&#x64A;&#x645; &#x627;&#x644;&#x62C;&#x627;&#x645;&#x639;&#x64A;&#x60C;</subfield>
    <subfield code="c">2018.</subfield>
  </datafield>
  <datafield tag="300" ind1=" " ind2=" ">
    <subfield code="a">319 &#x635;. &#x61B;</subfield>
    <subfield code="c">24 &#x633;&#x645;.</subfield>
  </datafield>
  <datafield tag="504" ind1=" " ind2=" ">
    <subfield code="a">&#x64A;&#x634;&#x62A;&#x645;&#x644; &#x639;&#x644;&#x64A; &#x625;&#x631;&#x62C;&#x627;&#x639;&#x627;&#x62A; &#x628;&#x628;&#x644;&#x64A;&#x648;&#x62C;&#x631;&#x627;&#x641;&#x64A;&#x629;.</subfield>
  </datafield>
  <datafield tag="650" ind1=" " ind2="4">
    <subfield code="a">&#x646;&#x638;&#x645; &#x627;&#x644;&#x645;&#x639;&#x644;&#x648;&#x645;&#x627;&#x62A;</subfield>
    <subfield code="9">63639</subfield>
  </datafield>
  <datafield tag="650" ind1=" " ind2="4">
    <subfield code="a">&#x62A;&#x646;&#x638;&#x64A;&#x645; &#x627;&#x644;&#x645;&#x639;&#x644;&#x648;&#x645;&#x627;&#x62A;</subfield>
    <subfield code="9">63640</subfield>
  </datafield>
  <datafield tag="650" ind1=" " ind2="4">
    <subfield code="a">&#x627;&#x644;&#x62D;&#x627;&#x633;&#x628;&#x627;&#x62A; &#x627;&#x644;&#x625;&#x644;&#x643;&#x62A;&#x631;&#x648;&#x646;&#x64A;&#x629;</subfield>
    <subfield code="9">63641</subfield>
  </datafield>
  <datafield tag="700" ind1="1" ind2=" ">
    <subfield code="a">&#x62D;&#x633;&#x64A;&#x646;&#x60C; &#x635;&#x641;&#x627;&#x621; &#x623;&#x62D;&#x645;&#x62F;</subfield>
    <subfield code="9">63635</subfield>
  </datafield>
  <datafield tag="700" ind1="1" ind2=" ">
    <subfield code="a">&#x62D;&#x646;&#x641;&#x64A;&#x60C; &#x64A;&#x627;&#x633;&#x631; &#x639;&#x628;&#x62F; &#x627;&#x644;&#x63A;&#x641;&#x627;&#x631;</subfield>
    <subfield code="9">63636</subfield>
  </datafield>
  <datafield tag="942" ind1=" " ind2=" ">
    <subfield code="c">BOOK</subfield>
  </datafield>
  <datafield tag="999" ind1=" " ind2=" ">
    <subfield code="c">42407</subfield>
    <subfield code="d">312027</subfield>
  </datafield>
  <datafield tag="952" ind1=" " ind2=" ">
    <subfield code="1">0</subfield>
    <subfield code="2">2018-05-01</subfield>
    <subfield code="4">0</subfield>
    <subfield code="7">1</subfield>
    <subfield code="a">004.2 &#x62E; &#x63A; &#x645;</subfield>
    <subfield code="c">1</subfield>
    <subfield code="d">2018-05-01</subfield>
    <subfield code="h">CL</subfield>
    <subfield code="i">00246882</subfield>
    <subfield code="m">CL</subfield>
    <subfield code="r">2018-05-01 00:00:00</subfield>
    <subfield code="t">BOOK</subfield>
    <subfield code="w">ddc</subfield>
    <subfield code="y">0</subfield>
  </datafield>
  <datafield tag="952" ind1=" " ind2=" ">
    <subfield code="1">0</subfield>
    <subfield code="2">2018-05-01</subfield>
    <subfield code="4">0</subfield>
    <subfield code="7">0</subfield>
    <subfield code="a">004.2 &#x62E; &#x63A; &#x645;</subfield>
    <subfield code="c">2</subfield>
    <subfield code="d">2018-05-01</subfield>
    <subfield code="h">CL</subfield>
    <subfield code="i">00246883</subfield>
    <subfield code="m">CL</subfield>
    <subfield code="r">2018-05-01 00:00:00</subfield>
    <subfield code="t">BOOK</subfield>
    <subfield code="w">ddc</subfield>
    <subfield code="y">0</subfield>
  </datafield>
  <datafield tag="952" ind1=" " ind2=" ">
    <subfield code="1">0</subfield>
    <subfield code="2">2018-05-01</subfield>
    <subfield code="4">0</subfield>
    <subfield code="7">0</subfield>
    <subfield code="a">004.2 &#x62E; &#x63A; &#x645;</subfield>
    <subfield code="c">3</subfield>
    <subfield code="d">2018-05-01</subfield>
    <subfield code="h">CL</subfield>
    <subfield code="i">00246884</subfield>
    <subfield code="m">CL</subfield>
    <subfield code="r">2018-05-01 00:00:00</subfield>
    <subfield code="t">BOOK</subfield>
    <subfield code="w">ddc</subfield>
    <subfield code="y">0</subfield>
  </datafield>
  <datafield tag="952" ind1=" " ind2=" ">
    <subfield code="1">0</subfield>
    <subfield code="2">2018-05-01</subfield>
    <subfield code="4">0</subfield>
    <subfield code="7">1</subfield>
    <subfield code="a">004.2 &#x62E; &#x63A; &#x645;</subfield>
    <subfield code="c">1</subfield>
    <subfield code="d">2018-05-01</subfield>
    <subfield code="h">EMF</subfield>
    <subfield code="i">00246885</subfield>
    <subfield code="m">EMF</subfield>
    <subfield code="r">2018-05-01 00:00:00</subfield>
    <subfield code="t">BOOK</subfield>
    <subfield code="w">ddc</subfield>
    <subfield code="y">0</subfield>
  </datafield>
  <datafield tag="952" ind1=" " ind2=" ">
    <subfield code="1">0</subfield>
    <subfield code="2">2018-05-01</subfield>
    <subfield code="4">0</subfield>
    <subfield code="7">0</subfield>
    <subfield code="a">004.2 &#x62E; &#x63A; &#x645;</subfield>
    <subfield code="c">2</subfield>
    <subfield code="d">2018-05-01</subfield>
    <subfield code="h">EMF</subfield>
    <subfield code="i">00246886</subfield>
    <subfield code="m">EMF</subfield>
    <subfield code="r">2018-05-01 00:00:00</subfield>
    <subfield code="t">BOOK</subfield>
    <subfield code="w">ddc</subfield>
    <subfield code="y">0</subfield>
  </datafield>
  <datafield tag="952" ind1=" " ind2=" ">
    <subfield code="1">0</subfield>
    <subfield code="2">2018-05-01</subfield>
    <subfield code="4">0</subfield>
    <subfield code="7">1</subfield>
    <subfield code="a">004.2 &#x62E; &#x63A; &#x645;</subfield>
    <subfield code="c">1</subfield>
    <subfield code="d">2018-05-01</subfield>
    <subfield code="h">EZF</subfield>
    <subfield code="i">00246887</subfield>
    <subfield code="m">EZF</subfield>
    <subfield code="r">2018-05-01 00:00:00</subfield>
    <subfield code="t">BOOK</subfield>
    <subfield code="w">ddc</subfield>
    <subfield code="y">0</subfield>
  </datafield>
  <datafield tag="952" ind1=" " ind2=" ">
    <subfield code="1">0</subfield>
    <subfield code="2">2018-05-01</subfield>
    <subfield code="4">0</subfield>
    <subfield code="7">0</subfield>
    <subfield code="a">004.2 &#x62E; &#x63A; &#x645;</subfield>
    <subfield code="c">2</subfield>
    <subfield code="d">2018-05-01</subfield>
    <subfield code="h">EZF</subfield>
    <subfield code="i">00246888</subfield>
    <subfield code="m">EZF</subfield>
    <subfield code="r">2018-05-01 00:00:00</subfield>
    <subfield code="t">BOOK</subfield>
    <subfield code="w">ddc</subfield>
    <subfield code="y">0</subfield>
  </datafield>
  <datafield tag="952" ind1=" " ind2=" ">
    <subfield code="1">0</subfield>
    <subfield code="2">2018-05-01</subfield>
    <subfield code="4">0</subfield>
    <subfield code="7">1</subfield>
    <subfield code="a">004.2 &#x62E; &#x63A; &#x645;</subfield>
    <subfield code="c">1</subfield>
    <subfield code="d">2018-05-01</subfield>
    <subfield code="h">SZM</subfield>
    <subfield code="i">00246889</subfield>
    <subfield code="m">SZM</subfield>
    <subfield code="r">2018-05-01 00:00:00</subfield>
    <subfield code="t">BOOK</subfield>
    <subfield code="w">ddc</subfield>
    <subfield code="y">0</subfield>
  </datafield>
  <datafield tag="952" ind1=" " ind2=" ">
    <subfield code="1">0</subfield>
    <subfield code="2">2018-05-01</subfield>
    <subfield code="4">0</subfield>
    <subfield code="7">0</subfield>
    <subfield code="a">004.2 &#x62E; &#x63A; &#x645;</subfield>
    <subfield code="c">2</subfield>
    <subfield code="d">2018-05-01</subfield>
    <subfield code="h">SZM</subfield>
    <subfield code="i">00246890</subfield>
    <subfield code="m">SZM</subfield>
    <subfield code="r">2018-05-01 00:00:00</subfield>
    <subfield code="t">BOOK</subfield>
    <subfield code="w">ddc</subfield>
    <subfield code="y">0</subfield>
  </datafield>
  <datafield tag="952" ind1=" " ind2=" ">
    <subfield code="1">0</subfield>
    <subfield code="2">2018-05-01</subfield>
    <subfield code="4">0</subfield>
    <subfield code="7">1</subfield>
    <subfield code="a">004.2 &#x62E; &#x63A; &#x645;</subfield>
    <subfield code="c">1</subfield>
    <subfield code="d">2018-05-01</subfield>
    <subfield code="h">IC</subfield>
    <subfield code="i">00246891</subfield>
    <subfield code="m">IC</subfield>
    <subfield code="r">2018-05-01 00:00:00</subfield>
    <subfield code="t">BOOK</subfield>
    <subfield code="w">ddc</subfield>
    <subfield code="y">0</subfield>
  </datafield>
  <datafield tag="952" ind1=" " ind2=" ">
    <subfield code="1">0</subfield>
    <subfield code="2">2018-05-01</subfield>
    <subfield code="4">0</subfield>
    <subfield code="7">0</subfield>
    <subfield code="a">004.2 &#x62E; &#x63A; &#x645;</subfield>
    <subfield code="c">2</subfield>
    <subfield code="d">2018-05-01</subfield>
    <subfield code="h">IC</subfield>
    <subfield code="i">00246892</subfield>
    <subfield code="m">IC</subfield>
    <subfield code="r">2018-05-01 00:00:00</subfield>
    <subfield code="t">BOOK</subfield>
    <subfield code="w">ddc</subfield>
    <subfield code="y">0</subfield>
  </datafield>
  <datafield tag="952" ind1=" " ind2=" ">
    <subfield code="1">0</subfield>
    <subfield code="2">2018-05-01</subfield>
    <subfield code="4">0</subfield>
    <subfield code="7">1</subfield>
    <subfield code="a">004.2 &#x62E; &#x63A; &#x645;</subfield>
    <subfield code="c">1</subfield>
    <subfield code="d">2018-05-01</subfield>
    <subfield code="h">SHF</subfield>
    <subfield code="i">00246893</subfield>
    <subfield code="m">SHF</subfield>
    <subfield code="r">2018-05-01 00:00:00</subfield>
    <subfield code="t">BOOK</subfield>
    <subfield code="w">ddc</subfield>
    <subfield code="y">0</subfield>
  </datafield>
  <datafield tag="952" ind1=" " ind2=" ">
    <subfield code="1">0</subfield>
    <subfield code="2">2018-05-01</subfield>
    <subfield code="4">0</subfield>
    <subfield code="7">0</subfield>
    <subfield code="a">004.2 &#x62E; &#x63A; &#x645;</subfield>
    <subfield code="c">2</subfield>
    <subfield code="d">2018-05-01</subfield>
    <subfield code="h">SHF</subfield>
    <subfield code="i">00246894</subfield>
    <subfield code="m">SHF</subfield>
    <subfield code="r">2018-05-01 00:00:00</subfield>
    <subfield code="t">BOOK</subfield>
    <subfield code="w">ddc</subfield>
    <subfield code="y">0</subfield>
  </datafield>
  <datafield tag="952" ind1=" " ind2=" ">
    <subfield code="1">0</subfield>
    <subfield code="2">2018-05-01</subfield>
    <subfield code="4">0</subfield>
    <subfield code="7">1</subfield>
    <subfield code="a">004.2 &#x62E; &#x63A; &#x645;</subfield>
    <subfield code="c">1</subfield>
    <subfield code="d">2018-05-01</subfield>
    <subfield code="h">SRM</subfield>
    <subfield code="i">00246895</subfield>
    <subfield code="m">SRM</subfield>
    <subfield code="r">2018-05-01 00:00:00</subfield>
    <subfield code="t">BOOK</subfield>
    <subfield code="w">ddc</subfield>
    <subfield code="y">0</subfield>
  </datafield>
  <datafield tag="952" ind1=" " ind2=" ">
    <subfield code="1">0</subfield>
    <subfield code="2">2018-05-01</subfield>
    <subfield code="4">0</subfield>
    <subfield code="7">0</subfield>
    <subfield code="a">004.2 &#x62E; &#x63A; &#x645;</subfield>
    <subfield code="c">2</subfield>
    <subfield code="d">2018-05-01</subfield>
    <subfield code="h">SRM</subfield>
    <subfield code="i">00246896</subfield>
    <subfield code="m">SRM</subfield>
    <subfield code="r">2018-05-01 00:00:00</subfield>
    <subfield code="t">BOOK</subfield>
    <subfield code="w">ddc</subfield>
    <subfield code="y">0</subfield>
  </datafield>
  <datafield tag="952" ind1=" " ind2=" ">
    <subfield code="1">0</subfield>
    <subfield code="2">2018-05-01</subfield>
    <subfield code="4">0</subfield>
    <subfield code="7">1</subfield>
    <subfield code="a">004.2 &#x62E; &#x63A; &#x645;</subfield>
    <subfield code="c">1</subfield>
    <subfield code="d">2018-05-01</subfield>
    <subfield code="h">SRF</subfield>
    <subfield code="i">00246897</subfield>
    <subfield code="m">SRF</subfield>
    <subfield code="r">2018-05-01 00:00:00</subfield>
    <subfield code="t">BOOK</subfield>
    <subfield code="w">ddc</subfield>
    <subfield code="y">0</subfield>
  </datafield>
  <datafield tag="952" ind1=" " ind2=" ">
    <subfield code="1">0</subfield>
    <subfield code="2">2018-05-01</subfield>
    <subfield code="4">0</subfield>
    <subfield code="7">0</subfield>
    <subfield code="a">004.2 &#x62E; &#x63A; &#x645;</subfield>
    <subfield code="c">2</subfield>
    <subfield code="d">2018-05-01</subfield>
    <subfield code="h">SRF</subfield>
    <subfield code="i">00246898</subfield>
    <subfield code="m">SRF</subfield>
    <subfield code="r">2018-05-01 00:00:00</subfield>
    <subfield code="t">BOOK</subfield>
    <subfield code="w">ddc</subfield>
    <subfield code="y">0</subfield>
  </datafield>
  <datafield tag="952" ind1=" " ind2=" ">
    <subfield code="1">0</subfield>
    <subfield code="2">2018-05-01</subfield>
    <subfield code="4">0</subfield>
    <subfield code="7">1</subfield>
    <subfield code="a">004.2 &#x62E; &#x63A; &#x645;</subfield>
    <subfield code="c">1</subfield>
    <subfield code="d">2018-05-01</subfield>
    <subfield code="h">IC</subfield>
    <subfield code="i">00246899</subfield>
    <subfield code="m">IC</subfield>
    <subfield code="r">2018-05-01 00:00:00</subfield>
    <subfield code="t">BOOK</subfield>
    <subfield code="w">ddc</subfield>
    <subfield code="y">0</subfield>
  </datafield>
  <datafield tag="952" ind1=" " ind2=" ">
    <subfield code="1">0</subfield>
    <subfield code="2">2018-05-01</subfield>
    <subfield code="4">0</subfield>
    <subfield code="7">0</subfield>
    <subfield code="a">004.2 &#x62E; &#x63A; &#x645;</subfield>
    <subfield code="c">2</subfield>
    <subfield code="d">2018-05-01</subfield>
    <subfield code="h">IC</subfield>
    <subfield code="i">00246900</subfield>
    <subfield code="m">IC</subfield>
    <subfield code="r">2018-05-01 00:00:00</subfield>
    <subfield code="t">BOOK</subfield>
    <subfield code="w">ddc</subfield>
    <subfield code="y">0</subfield>
  </datafield>
  <datafield tag="952" ind1=" " ind2=" ">
    <subfield code="1">0</subfield>
    <subfield code="2">2018-05-01</subfield>
    <subfield code="4">0</subfield>
    <subfield code="7">1</subfield>
    <subfield code="a">004.2 &#x62E; &#x63A; &#x645;</subfield>
    <subfield code="c">1</subfield>
    <subfield code="d">2018-05-01</subfield>
    <subfield code="h">SGF</subfield>
    <subfield code="i">00246901</subfield>
    <subfield code="m">SGF</subfield>
    <subfield code="r">2018-05-01 00:00:00</subfield>
    <subfield code="t">BOOK</subfield>
    <subfield code="w">ddc</subfield>
    <subfield code="y">0</subfield>
  </datafield>
</record>
